The economics of climate change : proceedings of an OECD/IEA conference
Saved in:
| Corporate Authors: | , |
|---|---|
| Format: | Book |
| Language: | English |
| Published: |
Paris : Washington :
Organisation for Economic Co-operation and Development, International Energy Agency,
c1994
|
| Subjects: | |
| Tags: |
Add Tag
No Tags, Be the first to tag this record!
|
MARC
| LEADER | 00000nam a2200000 i 4500 | ||
|---|---|---|---|
| 001 | 1/3849 | ||
| 008 | 960429s1994 i eng d | ||
| 020 | |a 92-64-14138-3 | ||
| 035 | |l 10015366 | ||
| 040 | |a GR-MY-UA |b gre |e aacr | ||
| 041 | 0 | |a eng | |
| 082 | 0 | |a 338.01 | |
| 110 | 2 | |a Organisation for Economic Co-operation and Development. | |
| 245 | 1 | 4 | |a The economics of climate change : |b proceedings of an OECD/IEA conference / |c Organisation for Economic Co-operation and Development |
| 260 | |a Paris : |a Washington : |b Organisation for Economic Co-operation and Development, |b International Energy Agency, |c c1994 | ||
| 300 | |a 320 p.; |c 27 cm | ||
| 504 | |a Includes bibliographical references | ||
| 650 | 0 | 0 | |a Climatic changes |x Economic aspects |x Congresses. |
| 650 | 0 | 0 | |a Climatic changes |x Economic aspects |x Government policy |x Congresses. |
| 710 | 2 | |a International Energy Agency. | |
| 852 | |a INST |b LESVOS |e 19960429 |h 338.01 ECO |p 005100010467 |q 005100010467 |t BK |y 0 | ||
| 909 | |a Λ |b 035766 | ||